000
00444nam a2200145Ia 4500
008
100122s9999 xx 000 0 und d
082
_b
3484
_a
822
100
_a
कोठीवाले वि ना
245
_a
सोन्याचा धूर
260
_b
प्रकाशक शोधणे
_c
1924
300
_a
70
630
_a
सोन्याचा धूर
730
_a
सोन्याचा धूर
942
_c
BOOK
999
_c
397497
_d
397494